| 000 | 00810nam a2200205 i 4500 | ||
|---|---|---|---|
| 001 | 155729 | ||
| 003 | ES-MaACL | ||
| 005 | 20250716062630.0 | ||
| 008 | 011108s1855 fr a |||| | fre d | ||
| 040 |
_aEXT _bspa _cEXT |
||
| 100 | 1 |
_aHugo, Victor, _d1802-1885 _964627 |
|
| 245 | 1 | 0 | _a[Oeuvres de Victor Hugo]. |
| 260 |
_aParis : _bJ. Hetzel : _bLibrairie Maresq : _bLibrairie Blanchard, _c[1855?] ( _ftypographie Simon Raçon et Comp.) |
||
| 300 |
_a128 p. : _bil. ; _c28 cm. |
||
| 500 | _aSin portada, autor y título del principio del texto, datos de edición cabecera de la 1ª página. | ||
| 505 | 8 | _aContiene: Han D'Islande / Illustré par J.-A. Beaucé | |
| 700 | 1 |
_aBeaucé, Jean Adolphe. _926804 |
|
| 852 |
_aES-MaACL _jR-1707(7) _z-- Enc. hol. _zEnc. en un vol. facticio |
||
| 999 |
_c155729 _d155729 |
||